| 000 | 00670nam a22002057a 4500 | ||
|---|---|---|---|
| 008 | 160602b xxu||||| |||| 00| 0 eng d | ||
| 020 | _a971-8581-65-0 | ||
| 082 |
_22003 _aDFil 808.85 _bM41 |
||
| 100 |
_99845 _aMatalang, Salvacion T. |
||
| 245 |
_aSpeeches for all times/ _cSalvacion T. Matalang [and two others]. |
||
| 260 |
_aQuezon City: _bGreat Books Trading, _cc2003. |
||
| 300 |
_av, 250 pages; _c22 cm. |
||
| 500 | _aIncludes bibliography and quotations. | ||
| 650 | 0 |
_99847 _aSpeeches |
|
| 700 |
_99848 _aEgipto, Joel Joseph L. |
||
| 700 |
_99849 _aEgipto, Lerma B. |
||
| 700 |
_99850 _aBhagwani, Ernie T. _eeditor |
||
| 365 |
_b240.00 _cPhp |
||
| 942 |
_2ddc _cDFIL |
||
| 999 |
_c2955 _d2955 |
||